Marvel Snap Cards - Statistics

General Stats
  • This quiz has been taken 108 times
  • The average score is 86 of 320
Answer Stats
Answer % Correct
Iron Man
91%
Spider-Man
89%
Captain America
81%
Hulk
80%
Thor
79%
Black Widow
78%
Captain Marvel
74%
Wolverine
74%
Black Panther
73%
Hawkeye
73%
Deadpool
70%
Doctor Strange
70%
Thanos
69%
Ant-Man
68%
Groot
68%
Rocket Raccoon
67%
Human Torch
65%
Loki
65%
Gamora
64%
Magneto
64%
Odin
64%
Star-Lord
64%
The Thing
63%
Mister Fantastic
62%
Professor X
62%
Invisible Woman
60%
She-Hulk
60%
Scarlet Witch
59%
War Machine
59%
Cyclops
58%
Daredevil
58%
Drax
58%
Venom
58%
Wasp
58%
Green Goblin
57%
Quicksilver
57%
Doctor Doom
54%
Falcon
54%
Ghost
53%
Storm
53%
Vision
53%
Doctor Octopus
52%
Beast
51%
Mystique
51%
Nick Fury
51%
Red Skull
51%
Jean Grey
49%
Kingpin
49%
Luke Cage
49%
Carnage
48%
Iron Fist
48%
Red Hulk
48%
Hela
47%
Nebula
47%
Ms. Marvel
46%
Ultron
46%
Electro
44%
Mantis
44%
Nightcrawler
44%
Sandman
43%
Colossus
42%
Galactus
42%
Gambit
42%
Iceman
42%
Rhino
42%
Shuri
42%
Ghost Rider
41%
Kang
41%
Moon Knight
41%
Rogue
41%
Wong
41%
Abomination
40%
Elektra
40%
Jessica Jones
40%
Namor
40%
Punisher
40%
Silver Surfer
40%
Adam Warlock
38%
Spider-Woman
38%
Angel
37%
Black Bolt
37%
Bucky Barnes
37%
Heimdall
37%
Hobgoblin
37%
Vulture
37%
Juggernaut
36%
Sabretooth
36%
Blade
35%
Kraven
35%
Shang-Chi
35%
X-23
35%
Killmonger
33%
Lizard
33%
Miles Morales
33%
Mysterio
33%
Valkyrie
33%
Apocalypse
32%
Kitty Pryde
32%
Taskmaster
32%
The Collector
32%
Cable
31%
Havok
31%
Jane Foster the Mighty Thor
31%
Squirrel Girl
31%
Baron Zemo
30%
Howard The Duck
30%
Spider-Man 2099
30%
Black Cat
28%
Cloak
28%
Medusa
28%
Okoye
28%
Psylocke
28%
Black Knight
27%
Blob
27%
Death
27%
Iron Heart
27%
Korg
27%
Magik
27%
Dagger
26%
Hercules
26%
Jubilee
26%
Rescue
26%
Scorpion
26%
Sentinel
26%
Yellowjacket
26%
Yondu
26%
Bishop
25%
Domino
25%
Iron Patriot
25%
Knull
25%
Morbius
25%
Nova
25%
Red Guardian
25%
Shocker
25%
Bullseye
23%
Ebony Maw
23%
Kate Bishop
23%
Crossbones
22%
Devil Dinosaur
22%
Grandmaster
22%
High Evolutionary
22%
MODOK
22%
Speed
22%
White Widow
22%
Blue Marvel
21%
Cosmo
21%
Destroyer
21%
Enchantress
21%
Galacta
21%
Gwenpool
21%
Klaw
21%
Madame Web
21%
Maria Hill
21%
M'baku
21%
Sentry
21%
Agent 13
20%
America Chavez
20%
Anti-Venom
20%
Armor
20%
Beta Ray Bill
20%
Corvus Glaive
20%
Cull Obsidian
20%
Echo
20%
Gorr
20%
Jeff the Baby Land Shark
20%
Lockjaw
20%
Moon Girl
20%
Multiple Man
20%
Scarlet Spider
20%
Spider-Ham
20%
U.S. Agent
20%
Absorbing Man
19%
Arnim Zola
19%
Baron Mordo
19%
Bruce Banner
19%
Frigga
19%
Ghost-Spider
19%
Lady Sif
19%
Leader
19%
Man-Thing
19%
Mister Negative
19%
Proxima Midnight
19%
Scream
19%
Viper
19%
White Tiger
19%
Wiccan
19%
Agatha Harkness
17%
Agent Coulson
17%
Agent Venom
17%
Patriot
17%
Ronan The Accuser
17%
Sebastian Shaw
17%
Sunspot
17%
Ajax
16%
Alioth
16%
Ares
16%
Arishem
16%
Iron Lad
16%
Sersi
16%
Spectrum
16%
Thena
16%
White Queen
16%
Crystal
15%
Deathlok
15%
Doom 2099
15%
Dracula
15%
Forge
15%
Gilgamesh
15%
Hulkbuster
15%
Hulkling
15%
Ka-Zar
15%
Lady Deathstrike
15%
Lasher
15%
Luna Snow
15%
Mister Sinister
15%
Nakia
15%
Onslaught
15%
Peni Parker
15%
Quake
15%
Rocket and Groot
15%
Stature
15%
The Infinaut
15%
Attuma
14%
Bast
14%
Cannonball
14%
Cassandra Nova
14%
Gladiator
14%
Hazmat
14%
Helicarrier
14%
Makkari
14%
Malekith
14%
Maximus
14%
Namora
14%
Negasonic Teenage Warhead
14%
Omega Red
14%
Super-Skrull
14%
The Living Tribunal
14%
Aero
12%
Agony
12%
Angela
12%
Araña
12%
Black Swan
12%
Brood
12%
Cerebro
12%
Daken
12%
Dazzler
12%
Phastos
12%
Polaris
12%
Sauron
12%
Titania
12%
Toxin
12%
Werewolf by Night
12%
Zabu
12%
Annihilus
11%
Hellcow
11%
Leech
11%
Legion
11%
Misty Knight
11%
Moonstone
11%
Silver Sable
11%
Skaar
11%
Surtur
11%
The Hood
11%
Valentina
11%
Victoria Hand
11%
Colleen Wing
10%
Debrii
10%
Goose
10%
Hydra Bob
10%
Marvel Boy
10%
Mockingbird
10%
Nico Minoru
10%
Ravonna Renslayer
10%
Rockslide
10%
Sage
10%
Sera
10%
Symbiote Spider-Man
10%
Typhoid Mary
10%
Wolfsbane
10%
Blink
9%
Fenris Wolf
9%
Giganto
9%
Master Mold
9%
Miek
9%
Misery
9%
Mobius M. Mobius
9%
Morph
9%
Orka
9%
Quinjet
9%
Sasquatch
9%
Silk
9%
Silver Samurai
9%
Uatu the Watcher
9%
Wave
9%
Zero
9%
Caiera
7%
Copycat
7%
Darkhawk
7%
Elsa Bloodstone
7%
Hit-Monkey
7%
Hope Summers
7%
Mirage
7%
Nimrod
7%
Nocturne
7%
Scorn
7%
Selene
7%
Shadow King
7%
Stegron
7%
Sword Master
7%
The Phoenix Force
7%
Martyr
6%
Mojo
6%
Shanna
6%
Strong Guy
6%
Supergiant
6%
Swarm
6%
Warpath
6%
King Eitri
5%
Pixie
5%
Snowguard
5%
No matching quizzes found
Score Distribution
Percent of People with Each Score
Percentile by Number Answered
Your Score History
You have not taken this quiz